000 00297nam a22001337a 4500
020 _a81-7302-340-9
082 _a425
_bSHA/M
100 _aSHARMA,S.L.N
245 _aMODALS & SENTENCE
260 _aBANGALORE
_bNAVAKARNATAKA
300 _a40
650 _aMODALS & SENTENCE
_zKARNATAKA
942 _cBK
999 _c3852
_d3852